000 00219nam a22000857a 4500
008 160921b xxu||||| |||| 00| 0 eng d
100 _9694
_aHill N
245 _aRoad to Success
260 _aNew Delhi
_bNational Book Trust
_c2012
999 _c3351
_d3351